Samakalina spandana ಸಮಕಾಲೀನ ಸ್ಪಂದನ (Record no. 222863)
[ view plain ]
| 000 -LEADER | |
|---|---|
| fixed length control field | 00629nam a22001937a 4500 |
| 005 - DATE AND TIME OF LATEST TRANSACTION | |
| control field | 20240618134239.0 |
| 008 - FIXED-LENGTH DATA ELEMENTS--GENERAL INFORMATION | |
| fixed length control field | 220510b ||||| |||| 00| 0 eng d |
| 040 ## - CATALOGING SOURCE | |
| Transcribing agency | AL |
| 041 ## - LANGUAGE CODE | |
| Language code of text/sound track or separate title | Kannada |
| 082 ## - DEWEY DECIMAL CLASSIFICATION NUMBER | |
| Edition number | 23 |
| Classification number | 320.01K |
| Item number | GOWS |
| 100 ## - MAIN ENTRY--PERSONAL NAME | |
| Personal name | V.H.Gowda ವಿ.ಎಚ್.ಗೌಡ |
| 100 ## - MAIN ENTRY--PERSONAL NAME | |
| 9 (RLIN) | 171133 |
| 245 ## - TITLE STATEMENT | |
| Title | Samakalina spandana ಸಮಕಾಲೀನ ಸ್ಪಂದನ |
| 260 ## - PUBLICATION, DISTRIBUTION, ETC. | |
| Place of publication, distribution, etc. | Mysore |
| Name of publisher, distributor, etc. | Samanvaya prakashana ಸಮನ್ವಯ ಪ್ರಕಾಶನ |
| Date of publication, distribution, etc. | 1990 |
| 300 ## - PHYSICAL DESCRIPTION | |
| Extent | xvi,547 p. |
| Other physical details | PB |
| Dimensions | 21x14 cm. |
| 365 ## - TRADE PRICE | |
| Currency code | ₹ |
| Unit of pricing | ₹60.00 |
| 650 ## - SUBJECT ADDED ENTRY--TOPICAL TERM | |
| Topical term or geographic name entry element | A collection of articles |
| 9 (RLIN) | 35744 |
| 700 ## - ADDED ENTRY--PERSONAL NAME | |
| Personal name | GOWDA (V H) |
| 9 (RLIN) | 35745 |
| 942 ## - ADDED ENTRY ELEMENTS (KOHA) | |
| Source of classification or shelving scheme | Dewey Decimal Classification |
| Koha item type | George Fernandes Collections |
| Withdrawn status | Lost status | Source of classification or shelving scheme | Damaged status | Not for loan | Collection code | Home library | Current library | Date acquired | Total Checkouts | Full call number | Barcode | Date last seen | Cost, replacement price | Price effective from | Koha item type |
|---|---|---|---|---|---|---|---|---|---|---|---|---|---|---|---|
| Dewey Decimal Classification | Political Science | St Aloysius Library | St Aloysius Library | 03/23/2013 | 320.01K GOWS | GF02945 | 05/10/2022 | 60.00 | 05/10/2022 | George Fernandes Collections |